000 00603 a2200145 4500
082 _aA
100 _aKanwar Saad Bin Liaqat
_992576
245 _aHome/office control and automation using bluetooth techonology in mobile phones
_cKanwar Saad Bin Liaqat & Rizwan Aijaz
260 _aIslamabad :
_bNUST School of Electrical Engineering & Computer Science,
_c2009.
300 _a121 p. :
_bill. ;
_c27 cm +
_eCD-ROM
500 _aSupervisors : Mr. Kamran Zaidi, Mr. Bilal Saqib.
700 _aRizwan Aijaz
_992577
856 _uhttp://10.250.8.41:8080/xmlui/handle/123456789/10804
942 _cPR
_kBEE-2 KAN
_2ddc
999 _c10064
_d10064